000 00491nam a22001457a 4500
008 220222b |||||||| |||| 00| 0 eng d
020 _a9780804125048
100 _aPrinceton,
245 _aThe Princeton Review MCAT Biology and Biochemistry Review For MCAT 2015 /
260 _aUS:
_bRandom House,
_c2014.
300 _axi,1070p. :
_bill. ;
_c34cm
500 _aincludes bibliographical references and index.
650 _2Medical
942 _2lcc
_cBOOKS
_hR 838.5 .P75 2014
999 _c31106
_d31106